000 00728cam a22002413a 4500
001 15951
003 PGUSA
005 20140828083336.0
008 050531s2005||||xxu|||||s|||||000 1 eng d
040 _aPGUSA
_beng
042 _adc
050 4 _aPZ
100 1 _aWhistler, Charles W.
_q(Charles Watts),
_d1856-1913
245 1 2 _aA Sea Queen's Sailing
_h[electronic resource] /
_cCharles W. Whistler
260 _bProject Gutenberg,
_c2005
506 _aPublic domain in the USA.
516 _aElectronic text
653 _aVikings -- Juvenile fiction
653 _aNorway -- History -- To 1030 -- Juvenile fiction
830 0 _aProject Gutenberg
_v15951
856 4 0 _uhttp://www.gutenberg.org/ebooks/15951
942 _cEB
999 _c245206
_d245206